| 000 | 00606nam a22001697a 4500 | ||
|---|---|---|---|
| 003 | NUST | ||
| 038 | _aNusrat Nadeem | ||
| 082 | _a200 | ||
| 100 |
_aMalik, Kamal Mazhar _9125531 |
||
| 245 |
_aDisturbance Rejection and Roll Over Estimation for Control of Non-Linear Robotic System/ _cKamal Mazhar Malik, |
||
| 264 |
_aIslamabad; _bSMME NUST; _c2024. |
||
| 300 |
_a216,p; _bill; _c30,cm. |
||
| 650 |
_aPhD- Robotics and Intelligent Machine Engineering _9123222 |
||
| 700 |
_aSupervisor: Dr. Muhammad Jawad Khan _9119689 |
||
| 856 | _uhttp://10.250.8.41:8080/xmlui/handle/123456789/46151 | ||
| 942 |
_2ddc _cSC |
||
| 999 |
_c611269 _d611269 |
||